Siguiendo la huella : el impacto de las actividades humanas /

保存先:
書誌詳細
その他の著者: Imaz Gispert, Mireya (autor) (autor)
フォーマット: 図書
言語:スペイン語
出版事項: México : Siglo XXI : UNAM, Dirección General de Divulgación de la Ciencia, 2015, c2015
シリーズ:(Nuestra Huella en el Planeta ; 4)
主題:
タグ: タグ追加
タグなし, このレコードへの初めてのタグを付けませんか!

MARC

LEADER 00000nam^a2200000^a^4500
001 000399851
005 20250521000000.0
009 20260310121603.849
020 |a 978-607-03-0704-1 
020 |a 978-607-02-7290-5 
020 |a 978-607-03-0697-6 
020 |a 978-607-02-7180-9 
037 |a Acervo ITESO - Biblioteca 
041 |a ESP 
082 |a 628. 5  |b NUE V. 4 
245 0 0 |a Siguiendo la huella :  |b el impacto de las actividades humanas /  |c M. Imaz Gispert... [et al.]. 
264 4 |a México :  |b Siglo XXI :  |b UNAM, Dirección General de Divulgación de la Ciencia,  |c 2015, c2015 
300 |a 111 p. 
336 |a texto  |b txt  |2 rdacontenido 
337 |a sin mediación  |b n  |2 rdamedio 
338 |a volumen  |b nc  |2 rdasoporte 
440 1 |a (Nuestra Huella en el Planeta ;  |v 4) 
521 |a FIL 2017 EEnlace Centro de Promoción Cultural 
649 |a XX 
650 |a Bióxido de Carbono 
650 |a Gases de Efecto Invernadero 
650 |a Impacto Ambiental -  |x Tema Principal 
650 |a Hidrología 
650 |a Ciencias de la Tierra 
650 |a Ecología Social 
650 |a Ciencias Ambientales 
700 |a Imaz Gispert, Mireya  |e (autor) 
910 |a Fondo General 
920 |a Impresos - Libros 
930 |a Colección General 
905 |a 101 
901 |a 0500294843  |b IT1  |c ACC  |i c158233  |u 20250521 
902 |a https://opac.biblio.iteso.mx/vufind/Record/000399851